Depiction of Characters and Relations in the Work “Who is Afraid of Virginia Woolf?“ by Edward Albee bakalárska práca

Saved in:
Bibliographic Details
Main Author: Cibulová, Karolína
Corporate Author: Fakulta aplikovaných jazykov EU v Bratislave. Katedra interkultúrnej komunikácie
Other Authors: Krajčík Danišová, Sonia, 1981-
Format: Book
Language:English
Published: Bratislava 2023
Tags: Add Tag
No Tags, Be the first to tag this record!

MARC

LEADER 00000nbm a2200000 4500
001 0292828
005 20240828081828.9
041 0 |a eng 
044 |a SK 
245 1 0 |a Depiction of Characters and Relations in the Work “Who is Afraid of Virginia Woolf?“ by Edward Albee  |b bakalárska práca  |c Karolína Cibulová ; školiteľ: Sonia Krajčík Danišová 
264 1 |a Bratislava  |c 2023 
300 |a 49 s. 
100 1 |a Cibulová, Karolína 
700 1 |a Krajčík Danišová, Sonia, 1981- 
710 2 |a Fakulta aplikovaných jazykov EU v Bratislave. Katedra interkultúrnej komunikácie